Normal view
MARC view
- Prefabricated bridges
Entry Topical Term
001 - CONTROL NUMBER
- control field: 22674
003 - CONTROL NUMBER IDENTIFIER
- control field: NUST
005 - DATE AND TIME OF LATEST TRANSACTION
- control field: 20191003124540.0
008 - FIXED-LENGTH DATA ELEMENTS
- fixed length control field: 191003|| aca||aabn | a|a d
040 ## - CATALOGING SOURCE
- Original cataloging agency: NUST
- Transcribing agency: NUST
150 ## - HEADING--TOPICAL TERM
- Topical term or geographic name entry element: Prefabricated bridges
- General subdivision: Design and construction.
670 ## - SOURCE DATA FOUND
- Source citation: Work cat.: (NUST)0: Shahawy, Mohsen. 22673, Prefabricated bridge elements and systems to limit traffic disruption during construction /, 2003.
